LEADER 00934nam0-2200313---450- 001 990008456030403321 005 20101103142807.0 010 $a88-495-1333-X 035 $a000845603 035 $aFED01000845603 035 $a(Aleph)000845603FED01 035 $a000845603 100 $a20070124d2006----km-y0itay50------ba 101 0 $aita 102 $aIT 105 $ay---a---101yy 200 1 $aDiritto e diritti di fronte alla morte$edall'eutanasia al diritto di morire$fa cura di Michele Corleto 210 $aNapoli$cESI$d2006 215 $a109 p.$d21 cm 300 $aIn testa al front.: ELSA. The European Law Students' Association. Napoli 676 $a179$v20$zita 702 1$aCorleto,$bMichele 801 0$aIT$bUNINA$gRICA$2UNIMARC 901 $aBK 912 $a990008456030403321 952 $aA-I-A-415$b14045$fDDRC 959 $aDDRC 996 $aDiritto e diritti di fronte alla morte$9728908 997 $aUNINA LEADER 01132nam--2200373---450- 001 990000587180203316 005 20050725113119.0 010 $a0-7099-5310-0 035 $a0058718 035 $aUSA010058718 035 $a(ALEPH)000058718USA01 035 $a0058718 100 $a20010726d1988----km-y0itay0103----ba 101 $aeng 102 $aGB 105 $a||||||||001yy 200 1 $a<> changing nature of the self$ea critical study of the autobiographic discourse$fRobert Elbaz 210 $aLondon$cCroom Helm$dc1988 215 $aIX, 189 p.$d23 cm 410 $12001 606 0 $aAutobiografie e memorie$xSaggi 676 $a808.06692 700 1$aELBAZ,$bRobert$0449078 801 0$aIT$bsalbc$gISBD 912 $a990000587180203316 951 $aVIII.3. 654(II i B 616)$b102524 LM$cII I B 959 $aBK 979 $aPATTY$b90$c20010726$lUSA01$h1718 979 $aPATTY$b90$c20010726$lUSA01$h1719 979 $c20020403$lUSA01$h1708 979 $aPATRY$b90$c20040406$lUSA01$h1641 979 $aCOPAT3$b90$c20050725$lUSA01$h1131 996 $aChanging nature of the self$9134263 997 $aUNISA